书目信息 |
| 题名: |
城市地产评估
|
|
| 作者: | 严星 , 林增杰 主编 | |
| 分册: | ||
| 出版信息: | 北京 中国人民大学出版社 1999 |
|
| 页数: | 549页 | |
| 开本: | 20cm | |
| 丛书名: | ||
| 单 册: | ||
| 中图分类: | F293.3 | |
| 科图分类: | ||
| 主题词: | 城市 , 地价 , 城市--地价--评价 | |
| 电子资源: | ||
| ISBN: | 7-300-03174-9 | |
| 000 | 00801nam0 2200277 450 | |
| 000 | 00818nam0 2200277 450 | |
| 000 | 00749nam0 2200253 450 | |
| 000 | 00713nam0 2200241 45 | |
| 005 | 20070610105955.57 | |
| 010 | @a7-300-03174-9@dCNY23.00 | |
| 100 | @a20070608e1999 em y0chiy0120 ea | |
| 101 | 0 | @achi |
| 102 | @aCN@b110000 | |
| 105 | @ay z 000yy | |
| 200 | 1 | @a城市地产评估@ACheng Shi Di Chan Ping Gu@f严星,林增杰主编@FYan Xing, Lin Zeng Jie Zhu Bian |
| 205 | @a2版@b修订本 | |
| 210 | @a北京@c中国人民大学出版社@d1999 | |
| 215 | @a549页@d20cm | |
| 606 | 0 | @a城市 |
| 606 | 0 | @a地价 |
| 606 | 0 | @a城市@x地价@x评价 |
| 690 | @aF293.3@v4 | |
| 701 | 0 | @a严星@AYan Xing@4主编 |
| 701 | 0 | @a林增杰@ALin Zeng Jie@4主编 |
| 801 | 0 | @aCN@bTAOJIN@c20070610 |
| 905 | @a10447@dF293.3@e573 | |
| 城市地产评估/严星,林增杰主编.-2版,修订本 .-北京:中国人民大学出版社,1999 |
| 549页;20cm |
| ISBN 7-300-03174-9:CNY23.00 |
| ● |
| 相关链接 |
|
|
|
|
正题名:城市地产评估
索取号:F293.3/573
 
预约/预借
| 序号 | 登录号 | 条形码 | 馆藏地/架位号 | 状态 | 备注 |
| 1 | 0527892 | 205278929 | 第一样本阅览室/ [索取号:F293.3/573] | 在馆 | |
| 2 | 0527893 | 205278938 | 密集书库/ [索取号:F293.3/573] | 在馆 | |
| 3 | 0527894 | 205278947 | 第一借阅区/ [索取号:F293.3/573] | 在馆 | |
| 4 | 0527895 | 205278956 | 第一借阅区/ [索取号:F293.3/573] | 在馆 | |
| 5 | 0527896 | 205278965 | 第一借阅区/ [索取号:F293.3/573] | 在馆 | |
| 6 | 0527897 | 205278974 | 密集书库/ [索取号:F293.3/573] | 在馆 | |
| 7 | 0527898 | 205278983 | 密集书库/ [索取号:F293.3/573] | 在馆 | |
| 8 | 0527899 | 205278992 | 第一借阅区/ [索取号:F293.3/573] | 在馆 |